LEADER 01146nam a2200241 i 4500 001 000000148135 003 CaOOAMICUS 005 20060223000000.0 008 060223s1973 it u000 u fre u 013 $a125450 040 $aSeMil$bita 100 1 $aBergère, J. Marie.$0(OLS)http://semarc/name/58668 245 13$aLe livre de Rome /$cPar les soins de J. Marie Bergère ; présenté par Gaston Palewski. 260 $aRoma :$bEditalia,$ccopyr. 1973. 300 $a241 p. :$bill. ;$c42 cm. 500 $aIn preliminari : Di quest'opera sono stati tirati 1949 esemplari dell'edizione bronzo. Su carta a mano speciale. Numerati da 1 a 1949 e timbrati a secco. La presente copia reca il numero 1356 ed è dedicata a Elio Malvezzi. - In custodia. 650 4$aRoma.$0(OLS)http://semarc/subject/7779 700 1 $aPalewski, Gaston.$0(OLS)http://semarc/name/58669 850 $aSeMil 852 $aSeMil$W1$xVenegono$y1$m5O XII 19$j100590$B100590$CSeMilBibl$Z2$F109254 $8I 961 $aLascito: Malvezzi Elio 996 $6245$aLe livre de Rome$9(OLS)http://semarc/title/216530 996 $6260$aRoma :$bEditalia$9(OLS)http://semarc/publisher/32568 LEADER 00945nam a2200241 i 4500 001 000000153144 003 CaOOAMICUS 005 20060913000000.0 008 060913s2006 it u000 u ita u 013 $a130485 040 $aSeMil$bita 245 10$aSiria e Libano. 300 $a640 p., 16 c. di tav. :$bill. 490 0 $aLa Biblioteca di Repubblica 500 $aContiene : Atlante cartografico. 650 4$aSiria - Guide.$0(OLS)http://semarc/subject/8850 650 4$aLibano - Guide turistiche.$0(OLS)http://semarc/subject/29910 773 0 $tEuropa e i paesi del Mediterraneo.$dMilano : Touring Club Italiano, copyr. 2006.$g18$w()16300 830 3$aLa Biblioteca di Repubblica.$0(OLS)http://semarc/title/18738 850 $aSeMil 852 $aSeMil$W1$xVenegono$y1$m4Y I 18$j105088$B105088$CSeMilBibl$Z2$F114321 $81 961 $aAcquisto: La Repubblica 996 $6245$aSiria e Libano$9(OLS)http://semarc/title/223990